Dynamics of astrophysical discs (Record no. 9799)

MARC details
000 -LEADER
fixed length control field 00900nam a2200205Ia 4500
003 - CONTROL NUMBER IDENTIFIER
control field IN-BaIIA
008 - FIXED-LENGTH DATA ELEMENTS--GENERAL INFORMATION
fixed length control field 211028s9999 xx 000 0 eng d
020 ## - INTERNATIONAL STANDARD BOOK NUMBER
International Standard Book Number 0-521-37485-5
040 ## - CATALOGING SOURCE
Transcribing agency IIA Library
080 ## - UNIVERSAL DECIMAL CLASSIFICATION NUMBER
Universal Decimal Classification number 52-43(082.2)
Item number DYN
111 ## - MAIN ENTRY--MEETING NAME
Meeting name or jurisdiction name as entry element Conference on Dynamics of Astrophysical Discs
Location of meeting department of astronomy, University of Manchester
Date of meeting or treaty signing 1988 Dec. 13-16
9 (RLIN) 16588
245 #0 - TITLE STATEMENT
Title Dynamics of astrophysical discs
Remainder of title proceedings of a conference on dynamics of astrophysical discs held in the department of astronomy, University of Manchester, 13-16 December 1988
Statement of responsibility, etc. edited by J. A. Sellwood
260 ## - PUBLICATION, DISTRIBUTION, ETC.
Place of publication, distribution, etc. Cambridge
Name of publisher, distributor, etc. Cambridge University Press
Date of publication, distribution, etc. 1989
300 ## - PHYSICAL DESCRIPTION
Extent xv, 257p.
650 ## - SUBJECT ADDED ENTRY--TOPICAL TERM
Topical term or geographic name entry element Accretion disks
9 (RLIN) 8621
650 ## - SUBJECT ADDED ENTRY--TOPICAL TERM
Topical term or geographic name entry element Astronomy and astrophysics thesaurus
650 ## - SUBJECT ADDED ENTRY--TOPICAL TERM
Topical term or geographic name entry element Circumstellar disks
9 (RLIN) 16589
700 ## - ADDED ENTRY--PERSONAL NAME
Personal name Sellwood, J. A., ed.
9 (RLIN) 16590
942 ## - ADDED ENTRY ELEMENTS (KOHA)
Koha item type Books
Holdings
Withdrawn status Lost status Damaged status Not for loan Home library Current library Shelving location Date acquired Cost, normal purchase price Total Checkouts Full call number Barcode Date last seen Cost, replacement price Price effective from Koha item type Purchase Price
        IIA Library-Bangalore IIA Library-Bangalore General Stacks   787.50   52-43(082.2)/ DYN 10709 05/11/2021 787.50   Books Rs. 787.50

Powered by Koha